County Seats of Georgia - Statistics

General Stats
  • This quiz has been taken 93 times
  • The average score is 104 of 159
Answers on the Map
Answers color-coded by a green-red scale on the quiz's map according to % correct below.
 
Answer Stats
County Seat County % Correct
Savannah Chatham
100%
Atlanta Fulton
96%
Augusta Richmond
96%
Macon Bibb
96%
Valdosta Lowndes
96%
Athens Clarke
91%
Columbus Muscogee
91%
Rome Floyd
91%
Thomasville Thomas
91%
Albany Dougherty
87%
Brunswick Glynn
87%
Dalton Whitfield
87%
Jefferson Jackson
87%
Statesboro Bulloch
87%
Americus Sumter
83%
Carrollton Carroll
83%
Cartersville Bartow
83%
Dahlonega Lumpkin
83%
Douglas Coffee
83%
Gainesville Hall
83%
Jackson Butts
83%
LaGrange Troup
83%
Marietta Cobb
83%
Milledgeville Baldwin
83%
Bainbridge Decatur
78%
Clayton Rabun
78%
Douglasville Douglas
78%
Franklin Heard
78%
Greenville Meriwether
78%
Lawrenceville Gwinnett
78%
McDonough Henry
78%
Washington Wilkes
78%
Waycross Ware
78%
Cairo Grady
74%
Calhoun Gordon
74%
Conyers Rockdale
74%
Cordele Crisp
74%
Dawson Terrell
74%
Dawsonville Dawson
74%
Decatur DeKalb
74%
Dublin Laurens
74%
Fayetteville Fayette
74%
Hinesville Liberty
74%
Jonesboro Clayton
74%
Monroe Walton
74%
Newnan Coweta
74%
Tifton Tift
74%
Blue Ridge Fannin
70%
Cumming Forsyth
70%
Cusseta Chattahoochee
70%
Dallas Paulding
70%
Evans Columbia
70%
Homer Banks
70%
Jasper Pickens
70%
Madison Morgan
70%
Perry Houston
70%
Thomaston Upson
70%
Waynesboro Burke
70%
Alma Bacon
65%
Blairsville Union
65%
Canton Cherokee
65%
Eatonton Putnam
65%
Ellijay Gilmer
65%
Forsyth Monroe
65%
Greensboro Greene
65%
Griffin Spalding
65%
Hamilton Harris
65%
Homerville Clinch
65%
LaFayette Walker
65%
Leesburg Lee
65%
Newton Baker
65%
Quitman Brooks
65%
Ringgold Catoosa
65%
Swainsboro Emanuel
65%
Sylvester Worth
65%
Trenton Dade
65%
Vienna Dooly
65%
Watkinsville Oconee
65%
Winder Barrow
65%
Adel Cook
61%
Blakely Early
61%
Chatsworth Murray
61%
Cleveland White
61%
Covington Newton
61%
Crawfordville Taliaferro
61%
Darien McIntosh
61%
Donalsonville Seminole
61%
Elberton Elbert
61%
Fort Valley Peach
61%
Gray Jones
61%
Hartwell Hart
61%
Hiawassee Towns
61%
Lincolnton Lincoln
61%
Louisville Jefferson
61%
Metter Candler
61%
Morgan Calhoun
61%
Moultrie Colquitt
61%
Oglethorpe Macon
61%
Preston Webster
61%
Summerville Chattooga
61%
Thomson McDuffie
61%
Zebulon Pike
61%
Abbeville Wilcox
57%
Blackshear Pierce
57%
Buena Vista Marion
57%
Butler Taylor
57%
Camilla Mitchell
57%
Carnesville Franklin
57%
Clarkesville Habersham
57%
Claxton Evans
57%
Eastman Dodge
57%
Fitzgerald Ben Hill
57%
Folkston Charlton
57%
Fort Gaines Clay
57%
Georgetown Quitman
57%
Knoxville Crawford
57%
McRae Telfair
57%
Millen Jenkins
57%
Monticello Jasper
57%
Nashville Berrien
57%
Ocilla Irwin
57%
Sandersville Washington
57%
Sparta Hancock
57%
Sylvania Screven
57%
Talbotton Talbot
57%
Toccoa Stephens
57%
Warrenton Warren
57%
Woodbine Camden
57%
Wrightsville Johnson
57%
Alamo Wheeler
52%
Baxley Appling
52%
Buchanan Haralson
52%
Cedartown Polk
52%
Colquitt Miller
52%
Cuthbert Randolph
52%
Danielsville Madison
52%
Ellaville Schley
52%
Hazlehurst Jeff Davis
52%
Jesup Wayne
52%
Lakeland Lanier
52%
Ludowici Long
52%
Lumpkin Stewart
52%
Nahunta Brantley
52%
Pearson Atkinson
52%
Reidsville Tattnall
52%
Hawkinsville Pulaski
48%
Irwinton Wilkinson
48%
Lexington Oglethorpe
48%
Mount Vernon Montgomery
48%
Pembroke Bryan
48%
Springfield Effingham
48%
Statenville Echols
48%
Ashburn Turner
43%
Lyons Toombs
43%
Soperton Treutlen
43%
Barnesville Lamar
39%
Gibson Glascock
39%
Jeffersonville Twiggs
35%
Cochran Bleckley
30%
No matching quizzes found
Score Distribution
Percent of People with Each Score
Percentile by Number Answered
Your Score History
You have not taken this quiz